Fourth International Luminescence Conference, Szeged, 24—27 August, 1982

Elmentve itt :
Bibliográfiai részletek
Szerző: Szalay László
Testületi szerző: International Luminescence Conference, 4., 1982, August 24-27, Szeged
Dokumentumtípus: Cikk
Megjelent: 1983
Sorozat:Acta biologica 29 No. 1-4
Kulcsszavak:Természettudomány
Online Access:http://acta.bibl.u-szeged.hu/22005
LEADER 00710nab a2200193 i 4500
001 acta22005
005 20210526135853.0
008 161015s1983 hu o 0|| eng d
022 |a 0563-0592 
040 |a SZTE Egyetemi Kiadványok Repozitórium  |b hun 
041 |a eng 
100 1 |a Szalay László 
245 1 0 |a Fourth International Luminescence Conference, Szeged, 24—27 August, 1982  |h [elektronikus dokumentum] /  |c  Szalay László 
260 |c 1983 
300 |a 207 
490 0 |a Acta biologica  |v 29 No. 1-4 
695 |a Természettudomány 
710 |a International Luminescence Conference, 4., 1982, August 24-27, Szeged 
856 4 0 |u http://acta.bibl.u-szeged.hu/22005/1/biologica_029_207.pdf  |z Dokumentum-elérés